Multilingválna gramotnosť ako faktor konkurencieschopnosti hospodárstva Európskej únie diplomová práca

Saved in:
Bibliographic Details
Main Author: Suchalová, Emília
Corporate Author: Obchodná fakulta EU. Katedra medzinárodného obchodu
Other Authors: Čiderová, Denisa, 1977-
Format: Book
Language:Slovak
Published: Bratislava 2010
Tags: Add Tag
No Tags, Be the first to tag this record!

MARC

LEADER 00000nam a2200000 4500
001 0120224
005 20240318122826.4
041 0 |a slo 
044 |a SK 
245 1 0 |a Multilingválna gramotnosť ako faktor konkurencieschopnosti hospodárstva Európskej únie  |b diplomová práca  |c Emília Suchalová ; škol. Denisa Čiderová 
264 1 |a Bratislava  |c 2010 
300 |a 84 s. 
100 1 |a Suchalová, Emília 
700 1 |a Čiderová, Denisa, 1977- 
710 2 |a Obchodná fakulta EU. Katedra medzinárodného obchodu